[Event "Julian Mazur Memorial"]
[Site "Wellington Chess Club"]
[Date "2012.11.08"]
[Round "2"]
[White "Veldhuizen, Matt"]
[Black "Theodosiou, Andreas"]
[Result "1-0"]
[WhiteElo "1573"]
[BlackElo "1232"]

1. c4 Nf6 2. g3 e5 3. Bg2 Bc5 4. Nc3 a6 5. Nf3 d6 6. O-O Be6 7. d3 Qd7 8. Ng5
Ng4 9. Nxe6 Qxe6 10. Bxb7 Nxf2 11. Rxf2 Bxf2+ 12. Kxf2 Ra7 13. Bg2 O-O 14. Be3
c5 15. Qd2 f5 16. Bd5 1-0

[Event "Julian Mazur Memorial"]
[Site "Wellington Chess Club"]
[Date "2012.11.08"]
[Round "2"]
[White "Wilkins, Mark"]
[Black "Brockway, Andrew"]
[Result "0-1"]
[WhiteElo "1917"]
[BlackElo "1798"]

1. e4 c5 2. Nf3 g6 3. d4 cxd4 4. c3 Bg7 5. cxd4 d5 6. e5 Bg4 7. Qb3 Qc7 8. Nbd2
Bxf3 9. Nxf3 e6 10. Bd2 Nc6 11. Rc1 Nge7 12. Bb5 O-O 13. O-O Qb6 14. Qd3 a6 15.
Ba4 Rac8 16. a3 Nf5 17. Bc3 f6 18. g4 fxe5 19. gxf5 e4 20. Qe3 exf3 21. Qxe6+
Kh8 22. fxg6 Rce8 23. Qh3 h6 24. Bxc6 Qxc6 25. Rfe1 Qxg6+ 26. Kh1 Rxe1+ 27.
Rxe1 Kh7 28. Rg1 Qf7 29. Qg4 Re8 30. Rg3 Re2 31. Qxf3 Qxf3+ 32. Rxf3 Kg6 33.
Kg2 Re4 34. Rg3+ Kf7 35. Rf3+ Kg6 36. Rd3 Kf7 37. h3 Kg6 38. Kg3 Kg5 39. f3 Re6
40. b3 Bf8 41. a4 Bd6+ 42. Kf2 Kh4 43. Rd1 Bg3+ 44. Kf1 Kxh3 45. Be1 Rxe1+ 46.
Rxe1 Bxe1 47. Kxe1 Kg3 48. Ke2 h5 49. Ke3 h4 50. f4 h3 51. f5 h2 52. f6 h1=Q
53. f7 Qf1 0-1

[Event "Julian Mazur Memorial"]
[Site "Wellington Chess Club"]
[Date "2012.11.15"]
[Round "2"]
[White "Hewson, Michael"]
[Black "Wastney, Scott"]
[Result "0-1"]
[WhiteElo "1857"]
[BlackElo "2381"]

1. e4 e5 2. Nf3 Nc6 3. Bb5 Nf6 4. O-O Nxe4 5. d4 Nd6 6. dxe5 Nxb5 7. a4 d6 8.
e6 Bxe6 9. axb5 Ne5 10. Nd4 Bd7 11. f4 Ng4 12. Re1+ Be7 13. Qe2 Kf8 14. f5 h5
15. Nd2 Bf6 16. N2f3 Nxh2 17. Kxh2 Bxd4 18. Ra4 Bf6 19. Qd3 a6 20. Rae4 Bxb5
21. c4 Bc6 0-1

[Event "Julian Mazur Memorial"]
[Site "Wellington Chess Club"]
[Date "2012.11.15"]
[Round "3"]
[White "Aldridge, Alan"]
[Black "Dive, Russell"]
[Result "0-1"]
[WhiteElo "1959"]
[BlackElo "2437"]

1. b3 d5 2. Bb2 c5 3. e3 Nc6 4. Bb5 Qc7 5. Qf3 a6 6. Bxc6+ Qxc6 7. Nh3 Nf6 8.
Bxf6 Qxf6 9. Qxf6 gxf6 10. Nf4 e6 11. Nc3 b5 12. O-O Bb7 13. d4 cxd4 14. exd4
Rc8 15. Nce2 Rxc2 16. Rfc1 Rxc1+ 17. Rxc1 Bd6 18. Nd3 Ke7 19. Nc5 Bc8 20. f4 b4
21. a3 bxa3 22. Ra1 e5 23. Rxa3 exd4 24. b4 Bg4 25. Nxd4 Rc8 26. h3 Bd7
{#Diagram Alan has been competing well and is only marginally worse
objectively} 27. Rxa6 $2 Rxc5 $1 {Whoops!} 0-1

[Event "Julian Mazur Memorial"]
[Site "Wellington Chess Club"]
[Date "2012.11.15"]
[Round "3"]
[White "Farrington, Lawrence"]
[Black "Nijman, Brian"]
[Result "0-1"]
[WhiteElo "1751"]
[BlackElo "2157"]

1. e4 c6 2. d4 d5 3. exd5 cxd5 4. c4 Nf6 5. Nc3 Nc6 6. Nf3 Be6 7. Bg5 Ne4 8.
cxd5 Bxd5 9. Be3 Qa5 10. Qc1 e6 11. a3 Rc8 12. Be2 Be7 13. O-O Nxc3 14. bxc3
O-O 15. Qb2 Bf6 16. Rac1 e5 17. dxe5 Nxe5 18. Nd4 Nc4 19. Bxc4 Rxc4 20. Rfd1
Ra4 21. Ra1 Rc8 22. Rdc1 h6 23. h3 a6 24. Bd2 Rac4 25. Rab1 b5 26. Ra1 Qc7 27.
Be3 {#Diagram A nice example of complete domination, it turns out Black is
winning far more than just a pawn.} 27... Rxc3 28. Qxc3 Qxc3 29. Rxc3 Rxc3 30.
Nf5 Be6 31. Nd4 Rd3 32. Nxe6 Bxa1 33. Nc5 Rxa3 34. Bd2 Bd4 35. Bb4 Ra1+ 36. Kh2
Bxc5 37. Bxc5 a5 38. Kg3 Rc1 39. Bd6 Rc6 40. Be7 a4 41. Kf3 a3 42. Bb4 a2 0-1

[Event "Julian Mazur Memorial"]
[Site "Wellington Chess Club"]
[Date "2012.11.15"]
[Round "3"]
[White "Forster, Bill"]
[Black "Ker, Anthony"]
[Result "0-1"]
[WhiteElo "2049"]
[BlackElo "2449"]

1. Nf3 d6 2. d4 g6 3. c4 Bg7 4. g3 e5 5. Nc3 Nc6 6. dxe5 Nxe5 7. Nxe5 Bxe5 8.
Bg2 Ne7 9. Bg5 h6 10. Bd2 c6 11. O-O Be6 12. Qa4 {#Diagram An interesting,
unbalanced middlegame is in prospect, White hasn't yet relinquished the
advantage of the first move.} 12... Qd7 {I was encouraged by this, it suggests
black is considering a bad plan.} 13. Rfd1 $1 {This is a common pattern in
these English positions. The idea of moving the rook so the bishop can retreat
to h1 is well known, less well known is that it is often greatly beneficial to
white if d1 (rather than the routine e1) is available for the rook. } 13... Bh3
14. Bh1 h5 $2 {While the previous two moves were reasonable, I am sure this is
too much. A wing attack like this when the centre is wide open, white's
development is good, and black's king has no ideal home violates too many
principles of chess.} 15. Ne4 $1 {The key to active play. I wasn't worried
about the b pawn and Anthony wisely isn't tempted by it} 15... Qc7 (15... Bxb2
16. Rab1 Bg7 17. Rxb7 {for example is immediately fatal} ) 16. Ba5 b6 17. Bb4
Rd8 18. Qa3 {The comp prefers f4 immediately} 18... Nc8 $2 (18... d5 $1 {My
previous move unnecessarily allowed this defensive resource} ) 19. f4 $1 {Now I
am winning} 19... d5 20. Ng5 {One of the bishops has to go} 20... Bg4 21. fxe5
c5 22. Bxd5 {Giving up the extra piece in return for a crushing attack and
several extra pawns. During this phase of the game Houdini tells me I am at
least 5 Houdini points to the good.} 22... cxb4 23. Qxb4 Qc5+ 24. Qxc5 bxc5
{#Diagram The time has come the walrus said, to talk of many things. Up until
here I have been slapping NZ's number one player all over the board and having
great fun. But all good things come to an end.} 25. Bxf7+ $2 {Under normal
circumstances this would be good enough to win, but the trouble was I was now
out of time and Anthony starts to demonstrate his extraordinary resilience and
wriggling ability.}  (25. Nxf7 $1 {Is much better, it wins more material and
leads to a simplified position where Anthony's swindling ability will be
diminished.Somehow I talked myself out of it because after} 25... Rxd5 26. Nxh8
{I was worried my knight might be trapped. Actually it won't be and I am now
so far ahead materially I could even let it go in favourable circumstances } )
25... Ke7 26. e6 {I realised my intended Bxg6 would allow ...Rg8, and somehow
my hand played this lame move without my mind playing any role} 26... Bxe2 27.
Rd5 Rxd5 28. cxd5 Rd8 29. Kf2 Rxd5 $1 {My advantage has shrunk to tiny
dimensions. Realistically I am never going to beat Anthony at blitz from here.}
30. Kxe2 Rxg5 31. Rd1 Nd6 32. Rd3 Re5+ 33. Re3 Rg5 34. Ra3 Nb5 35. Rd3 Nd4+ 36.
Kd2 Rf5 37. Bxg6 {Realising my chance for glory was gone, I made a rather
pathetic draw offer here. Anthony was kind enough to respond verbally "no, it's
just getting interesting". Needless to say, that's not how I felt!} 37... Rf2+
{Houdini now rates the game as 0.00} 38. Kc3 $4 {It's a pity I can't use three
question marks} 38... Rc2# {This is the first position in the game where
Houdini prefers Black!} 0-1

[Event "Julian Mazur Memorial"]
[Site "Wellington Chess Club"]
[Date "2012.11.15"]
[Round "3"]
[White "Marney, John"]
[Black "Wilkins, Mark"]
[Result "0-1"]
[WhiteElo "1610"]
[BlackElo "1917"]

1. e4 d5 2. exd5 Nf6 3. d4 Nxd5 4. c4 Nf6 5. Nf3 Bg4 6. Be2 e6 7. Nc3 c5 8. O-O
Nc6 9. Be3 cxd4 10. Nxd4 Bxe2 11. Ncxe2 Nxd4 12. Bxd4 Be7 13. Qa4+ Qd7 14.
Qxd7+ Kxd7 15. Rfd1 Kc8 16. Rd3 Ne8 17. Rad1 Bf6 18. Nc3 Bxd4 19. Rxd4 Nf6 20.
Nb5 Rf8 21. Nxa7+ Rxa7 22. Rd8+ Rxd8 0-1

[Event "Julian Mazur Memorial"]
[Site "Wellington Chess Club"]
[Date "2012.11.15"]
[Round "3"]
[White "Sellen, Ian"]
[Black "Brockway, Andrew"]
[Result "1/2-1/2"]
[WhiteElo "2039"]
[BlackElo "1798"]

1. c4 c5 2. Nc3 g6 3. Nf3 Nc6 4. g3 Bg7 5. Bg2 d6 6. O-O e5 7. d3 Nge7 8. Rb1
Rb8 9. a3 a6 10. b4 Nd4 11. bxc5 dxc5 12. Na4 Qc7 13. Nxd4 exd4 14. e4 b5 15.
Bf4 Be5 16. Bxe5 Qxe5 17. f4 Qc7 18. Nb2 O-O 19. Qc2 Bd7 20. cxb5 axb5 21. Rfc1
Rfc8 22. a4 bxa4 23. Nxa4 Rxb1 24. Rxb1 Bxa4 25. Qxa4 Nc6 26. Rc1 Ne7 27. Qc4
Qa5 28. h4 Qd2 29. Rc2 Qb4 30. Kh2 Qb6 31. Qa4 Qc7 32. Qb5 Kf8 33. Rc4 Ng8 34.
Bh3 Rb8 35. Qxc5+ Qxc5 36. Rxc5 Rb2+ 37. Kg1 Rd2 38. Bf1 Nf6 39. Rc4 {#Diagram White
seems on the verge of winning a second pawn, but actually black's active pieces
mean he is fine} 39... Ng4 $1 40. Rc1 (40. Rxd4 $2 Rd1 $1 {wins the bishop} )
40... Ne3 41. Re1 Nxf1 42. Kxf1 Rxd3 43. Kf2 Ke7 44. Re2 1/2-1/2

[Event "Julian Mazur Memorial"]
[Site "Wellington Chess Club"]
[Date "2012.11.15"]
[Round "3"]
[White "Sknar, Andrew"]
[Black "Sampathkumar, Shyamkumar"]
[Result "0-1"]
[WhiteElo "1427"]
[BlackElo "1301"]

1. e4 e5 2. Bc4 Nc6 3. c3 Bc5 4. Qf3 Nf6 5. Ne2 d5 6. exd5 e4 7. Qg3 Nh5 8.
dxc6 Nxg3 9. hxg3 Qf6 10. Nf4 Bg4 11. Rf1 Qxc6 12. b4 Bd6 13. Bb5 Qxb5 14. Na3
Qb6 15. Nd5 Qc6 16. c4 Bxb4 17. Nxb4 Qf6 18. Rb1 O-O 19. Nd5 Qh6 20. Nxc7 Rad8
21. Rxb7 Qh2 22. Rxa7 e3 23. fxe3 Qxg3+ 24. Rf2 Rd3 25. Nd5 Rxd5 26. cxd5 Qh2
27. Ra4 Bh5 28. g4 Qg1+ 29. Rf1 Qg3+ 30. Rf2 Bxg4 31. Rf4 h6 32. Kf1 Qh3+ 33.
Ke1 h5 34. Nc4 Qh1+ 35. Rf1 Qxd5 36. Ne5 f6 37. Nxg4 hxg4 38. Rxg4 Qxa2 39. Ke2
Qc2 40. Ba3 Rd8 41. Rd1 Qd3+ 42. Kf3 Qxa3 43. Rdg1 0-1

[Event "Julian Mazur Memorial"]
[Site "Wellington Chess Club"]
[Date "2012.11.15"]
[Round "3"]
[White "Stone, Andrew"]
[Black "Cook, John"]
[Result "1-0"]
[WhiteElo "2035"]
[BlackElo "1611"]

1. e4 c5 2. d4 cxd4 3. c3 Nc6 4. cxd4 e5 5. Nf3 Bb4+ 6. Nc3 Nf6 7. d5 Nxe4 8.
dxc6 Nxc3 9. bxc3 Bxc3+ 10. Bd2 Bxa1 11. cxd7+ Bxd7 12. Qxa1 O-O 13. Be2 e4 14.
Nd4 Qf6 15. O-O Qg6 16. Bf4 Bh3 17. Bg3 Bd7 18. Qb1 e3 19. fxe3 Qxb1 20. Rxb1
b6 21. Bd6 Rfe8 22. Kf2 h6 23. Ba6 Bc8 24. Bb5 Rd8 25. Bc7 Rf8 26. Bc6 Be6 27.
Bxa8 Rxa8 28. Nxe6 fxe6 29. Rd1 Kf7 30. Rd7+ Kg6 31. Be5 a6 32. Rxg7+ Kf5 33.
Bf4 1-0

[Event "Julian Mazur Memorial"]
[Site "Wellington Chess Club"]
[Date "2012.11.15"]
[Round "3"]
[White "Stracy, Don"]
[Black "Sknar, Andrew"]
[Result "1-0"]
[WhiteElo "1828"]
[BlackElo "1011"]

1. e4 e5 2. Nf3 Nc6 3. Bb5 a6 4. Ba4 b5 5. Bb3 Nf6 6. O-O Bb4 7. c3 Bd6 8. Re1
O-O 9. d4 exd4 10. cxd4 Re8 11. e5 Bb4 12. Bd2 Bxd2 13. Nbxd2 Ng4 14. Ne4 d5
15. exd6 cxd6 16. Rc1 d5 17. Nc5 Rxe1+ 18. Qxe1 Qc7 19. Qe8# 1-0

[Event "Julian Mazur Memorial"]
[Site "Wellington Chess Club"]
[Date "2012.11.15"]
[Round "3"]
[White "Timergazi, Layla"]
[Black "Pomeroy, Arthur"]
[Result "0-1"]
[WhiteElo "1755"]
[BlackElo "2111"]

1. d4 Nf6 2. c4 g6 3. Nc3 Bg7 4. e4 d6 5. Nf3 O-O 6. Be2 e5 7. d5 Na6 8. O-O
Nh5 9. a3 Nf4 10. b4 f5 11. Be3 Nxe2+ 12. Qxe2 f4 13. b5 Nb8 14. Bd2 g5 15. Ne1
g4 16. g3 f3 17. Qe3 Qe8 18. Qg5 Rf6 19. Nc2 Rg6 20. Qh5 Nd7 21. Ne3 Nf6 0-1

[Event "Julian Mazur Memorial"]
[Site "Wellington Chess Club"]
[Date "2012.11.15"]
[Round "3"]
[White "Wastney, Scott"]
[Black "Roberts, Michael"]
[Result "1-0"]
[WhiteElo "2381"]
[BlackElo "1843"]

1. e4 e5 2. Nf3 Nf6 3. Nc3 d6 4. d4 Nbd7 5. Bc4 Be7 6. O-O O-O 7. Re1 c6 8. a4
a5 9. b3 Qc7 10. h3 Nb6 11. Bf1 Rd8 12. Bb2 d5 13. exd5 Nfxd5 14. Nxd5 Nxd5 15.
c4 Nf4 16. Nxe5 Bf6 17. Qf3 Ne6 18. Rad1 Ng5 19. Qg3 Bf5 20. h4 Ne4 21. Qf4
Bxe5 22. dxe5 Rxd1 23. Rxd1 Bg6 24. Qe3 c5 25. Rd5 h5 1-0

[Event "Julian Mazur Memorial"]
[Site "Wellington Chess Club"]
[Date "2012.11.22"]
[Round "4"]
[White "Brockway, Andrew"]
[Black "Stracy, Don"]
[Result "1-0"]
[WhiteElo "1789"]
[BlackElo "1763"]

1. e4 c5 2. Nc3 Nc6 3. f4 g6 4. Nf3 Bg7 5. Bb5 Nd4 6. O-O Nxb5 7. Nxb5 d5 8.
exd5 a6 9. Nc3 Nf6 10. d4 c4 11. Qe1 Nxd5 12. Nxd5 Qxd5 13. c3 Bg4 14. Qg3 Bxf3
15. Rxf3 O-O 16. f5 Qe4 17. Qf2 Rad8 18. Re3 Qxf5 19. Qxf5 gxf5 20. Rxe7 b5 21.
Bf4 Ra8 22. Rae1 Bf6 23. Rb7 Rfe8 24. Rxe8+ Rxe8 25. Kf2 Kg7 26. Ra7 Re6 27. d5
Rb6 28. Bc7 b4 29. Bxb6 bxc3 30. bxc3 Bxc3 31. Rc7 1-0

[Event "Julian Mazur Memorial"]
[Site "Wellington Chess Club"]
[Date "2012.11.22"]
[Round "4"]
[White "Cook, John"]
[Black "Sknar, Andrew"]
[Result "1-0"]
[WhiteElo "1611"]
[BlackElo "1427"]

1. d4 d5 2. e3 a6 3. Bd3 g6 4. f4 h5 5. Nf3 Bg4 6. Nbd2 e6 7. h3 Bxf3 8. Nxf3
f5 9. O-O Be7 10. Ne5 Rh6 11. c4 (11. Nxg6 Rxg6 12. Qxh5 Kf7 13. Qh7+ Rg7)
11... Nf6 12. cxd5 Qxd5 13. Bc4 Qd6 14. Qb3 Nc6 15. Bxe6 (15. Qxb7 Rb8 16.
Qxc6+ Qxc6 17. Nxc6) 15... Nxe5 16. dxe5 Qc6 17. exf6 Bxf6 18. Bd2 a5 19. Bf7+
Kd8 20. Rfd1 Kc8 21. Rac1 a4 22. Qb4 Qd7 23. Qf8+ Bd8 24. Bb4 1-0

[Event "Julian Mazur Memorial"]
[Site "Wellington Chess Club"]
[Date "2012.11.22"]
[Round "4"]
[White "Dive, Russell"]
[Black "Wastney, Scott"]
[Result "0-1"]
[WhiteElo "2437"]
[BlackElo "2381"]

1. Nf3 d5 2. c4 d4 3. e3 Nc6 4. b4 Bg4 5. Qa4 Bxf3 6. gxf3 Qd7 7. f4 g6 8. Bb2
Bg7 9. Bg2 Nh6 10. Qb5 Rb8 11. Na3 O-O 12. O-O-O Qd6 13. c5 Qe6 14. Kb1 a6 15.
Qa4 Rfd8 16. Nc2 d3 17. Ne1 Bxb2 18. Kxb2 Qc4 19. a3 e5 20. Bxc6 bxc6 21. Rc1
Qd5 22. f3 exf4 23. e4 Qd4+ 24. Rc3 Qf6 25. h4 Ra8 26. Qa5 Rd7 27. h5 g5 28.
Rg1 Kf8 29. Kb1 g4 30. fxg4 f3 31. Rf1 Nxg4 32. Rxf3 {#Diagram After an
interesting battle drama struck in this position} 32... Qxc3 $1 {A nice shot}
33. dxc3 $2 {I am not sure how much time Russell had, although at the start of
the game it was Scott who was burning time. In any case, Russell didn't see the
remarkable computer resource}  (33. Rxd3 $1 $15 {after which white is still
very much alive} ) 33... d2 0-1

[Event "Julian Mazur Memorial"]
[Site "Wellington Chess Club"]
[Date "2012.11.22"]
[Round "4"]
[White "Ker, Anthony"]
[Black "Sellen, Ian"]
[Result "1-0"]
[WhiteElo "2449"]
[BlackElo "2039"]

1. e4 e6 2. d4 d5 3. e5 c5 4. c3 Qb6 5. Nf3 Bd7 6. a3 cxd4 7. cxd4 Bb5 8. Bxb5+
Qxb5 9. Nc3 Qa6 10. Bd2 Nc6 11. b4 Qd3 12. Qe2 Qxe2+ 13. Kxe2 a6 14. Rhc1 Be7
15. Na4 f6 16. Kd3 h5 17. Re1 Kf7 18. Re2 Re8 19. Rae1 Nh6 20. exf6 Bxf6 21.
Bxh6 Rxh6 22. Nc5 Nd8 23. h4 Re7 24. Ng5+ Bxg5 25. hxg5 Rh8 26. f4 g6 27. Rh1
Kg7 28. g3 Kg8 29. Reh2 Reh7 30. Re1 Re7 31. Rc1 Rc7 32. Rhc2 Re7 33. Ke3 Nf7
34. Nd3 Nd6 35. Ne5 Kg7 36. Kd3 Nf5 37. Rc7 Re8 38. g4 hxg4 39. Nxg4 Rxc7 40.
Rxc7+ Re7 41. Rc8 Nd6 42. Rb8 Re8 43. Rxe8 Nxe8 44. Ne5 Nd6 45. Nd7 Kf7 46. Nc5
Ke7 47. Kc2 b6 48. Nxa6 Nb5 49. a4 Nxd4+ 50. Kd3 Nc6 51. b5 Na5 52. Nb4 Kd6 53.
Kc3 Nc4 54. Nd3 Ke7 55. Kd4 Kd6 56. Kc3 Ke7 57. Nb4 Kd6 58. Nc6 e5 59. fxe5+
Ke6 $4 (59... Nxe5 {is completely drawn, as pointed out by Russell Dive after
the game. } ) 60. Kd4 Nd2 61. a5 Nb3+ 62. Kc3 1-0

[Event "Julian Mazur Memorial"]
[Site "Wellington Chess Club"]
[Date "2012.11.22"]
[Round "4"]
[White "Roberts, Michael"]
[Black "Nijman, Brian"]
[Result "0-1"]
[WhiteElo "1843"]
[BlackElo "2157"]

1. d4 d5 2. c4 dxc4 3. Nc3 a6 4. a4 Nc6 5. Nf3 Bg4 6. e3 e6 7. Bxc4 Nf6 8. O-O
Bb4 9. h3 Bh5 10. Be2 Qe7 11. d5 Rd8 12. Na2 Nxd5 13. Nxb4 Ndxb4 14. Qb3 O-O
15. e4 Bxf3 16. Bxf3 Rd3 0-1

[Event "Julian Mazur Memorial"]
[Site "Wellington Chess Club"]
[Date "2012.11.22"]
[Round "4"]
[White "Sampathkumar, Shyamkumar"]
[Black "Frater, Dylan"]
[Result "0-1"]
[WhiteElo "1301"]
[BlackElo "1596"]

1. e4 c5 2. Nf3 d6 3. d4 cxd4 4. Nxd4 e5 5. Nf3 a6 6. a3 Nc6 7. Bc4 Be7 8. Qd5
Be6 9. Qd3 h6 10. O-O Rc8 11. Bd2 Nf6 12. Nc3 Bxc4 13. Qxc4 Nd4 14. Qa2 Nxf3+
15. gxf3 Qd7 16. f4 exf4 17. Bxf4 Qg4+ 18. Bg3 Nxe4 19. f3 Qg6 20. Nxe4 Rxc2
21. Rae1 O-O 22. Qb3 Rc7 23. Qd5 Kh8 24. Kh1 f5 25. Nxd6 Rc2 26. Rxe7 f4 27.
Bxf4 (27. Nf7+ Kh7 28. Bxf4 Qg2#) 27... Qg2# 0-1

[Event "Julian Mazur Memorial"]
[Site "Wellington Chess Club"]
[Date "2012.11.22"]
[Round "4"]
[White "Stoeveken, Peter"]
[Black "Stone, Andrew"]
[Result "0-1"]
[WhiteElo "1917"]
[BlackElo "2035"]

1. d4 Nf6 2. c4 g6 3. Nc3 d5 4. e4 dxe4 5. Bg5 Bg7 6. Nge2 Nbd7 7. Ng3 c5 8.
dxc5 O-O 9. Be3 Ne5 10. Ngxe4 Nxe4 11. Nxe4 Ng4 12. Qc2 Nxe3 13. fxe3 Bf5 14.
Kf2 Qc7 15. Bd3 Bxe4 16. Bxe4 Qxc5 17. Rad1 Rac8 18. b3 Qc7 19. g3 b5 20. Rc1
Qe5 21. Rhd1 bxc4 22. bxc4 Rc5 23. Rd5 Qc7 24. Rxc5 Qxc5 25. h4 h5 26. Qd3 Qc7
27. c5 Be5 28. Ke2 Rd8 29. Qc4 Kg7 30. Rb1 Rb8 31. Rxb8 Qxb8 32. c6 Bxg3 33.
Bf3 Qb2+ 34. Kd3 Qb1+ 35. Ke2 Qe1+ 36. Kd3 Qb1+ 37. Ke2 Qe1+ 38. Kd3 Qf1+ 39.
Be2 Qb1+ 40. Kd4 Qb2+ 41. Kd3 Qb1+ 42. Kd4 Qb8 43. Kd3 Bc7 44. Kc3 Be5+ 45. Kc2
Qb2+ 46. Kd3 Qb1+ 47. Kd2 Qb8 48. Kc2 Bc7 49. Kd3 e6 50. Kc2 Bd8 51. Kd3 Qg3
52. Kc2 Qxe3 53. Bd3 Qf2+ 54. Kb3 Qb6+ 55. Kc2 Bc7 56. Kd2 e5 57. Ke2 Qb2+ 58.
Kf3 f5 59. Be2 e4+ 60. Ke3 Bb6+ 61. Kf4 Qd2+ 62. Kg3 Qe3+ 63. Kg2 Qf2+ 64. Kh3
Bc7 65. Qc3+ Kh7 0-1

[Event "Julian Mazur Memorial"]
[Site "Wellington Chess Club"]
[Date "2012.11.22"]
[Round "4"]
[White "Whittle, Jonathon"]
[Black "Timergazi, Layla"]
[Result "1-0"]
[WhiteElo "1649"]
[BlackElo "1823"]

1. Nf3 d5 2. c4 c6 3. g3 Nf6 4. Bg2 Bf5 5. Nh4 Bg6 6. Qa4 e6 7. O-O Be7 8. cxd5
Nxd5 9. Nxg6 hxg6 10. e4 Nb6 11. Qd1 Bf6 12. Nc3 N8d7 13. d4 e5 14. dxe5 Nxe5
15. Qb3 Qd3 16. Be3 O-O-O 17. Rfd1 Qc4 18. Qc2 Ng4 19. Bf4 Bd4 20. Rd2 Nxh2 21.
Rc1 f6 22. Qd1 Bxc3 23. Rxc3 Rxd2 24. Qxd2 Qe6 25. Qd4 Ng4 26. Ra3 Rd8 27. Qc5
Rd1+ 28. Bf1 Qc4 29. Qf8+ Rd8 30. Qxd8+ 1-0

[Event "Julian Mazur Memorial"]
[Site "Wellington Chess Club"]
[Date "2012.11.22"]
[Round "4"]
[White "Wilkins, Mark"]
[Black "Veldhuizen, Matt"]
[Result "1-0"]
[WhiteElo "1917"]
[BlackElo "1573"]

1. e4 c6 2. d4 d5 3. exd5 cxd5 4. Nf3 Nc6 5. c3 Nf6 6. Bd3 e6 7. Bf4 Bd6 8.
Bxd6 Qxd6 9. O-O O-O 10. Re1 Re8 11. Ne5 a6 12. Nd2 b5 13. a3 Bb7 14. Ndf3 h6
15. Nxc6 Bxc6 16. Ne5 Qc7 17. Kh1 Bb7 18. Qc1 Nd7 19. f4 Nxe5 20. fxe5 Rf8 21.
Rf1 Bc6 22. Rf3 Ra7 23. Qe3 Qd7 24. Raf1 g5 25. Rf6 Kg7 26. h4 Rh8 27. Kg1 g4
28. h5 Raa8 29. Qf4 Ra7 30. Bg6 fxg6 31. Rxg6+ Kh7 1-0

[Event "Julian Mazur Memorial"]
[Site "Wellington Chess Club"]
[Date "2012.11.29"]
[Round "5"]
[White "Frater, Dylan"]
[Black "Roberts, Michael"]
[Result "0-1"]
[WhiteElo "1596"]
[BlackElo "1843"]

1. d4 Nf6 2. c4 g6 3. Nc3 d5 4. f3 Bg7 5. cxd5 Nxd5 6. e4 Nxc3 7. bxc3 O-O 8.
Bd3 c5 9. Ne2 Nc6 10. dxc5 Qa5 11. O-O Qxc5+ 12. Kh1 Rd8 13. Qc2 Nb4 14. Qb3
Nxd3 15. h3 Be6 16. Qc2 Bc4 17. Kh2 Ba6 18. Rd1 Nf2 19. Rxd8+ Rxd8 20. Bf4 e5
21. Bg3 Bh6 22. Bxf2 Qxf2 0-1

[Event "Julian Mazur Memorial"]
[Site "Wellington Chess Club"]
[Date "2012.11.29"]
[Round "5"]
[White "Jackson, Ross"]
[Black "Aldridge, Alan"]
[Result "1/2-1/2"]
[WhiteElo "2026"]
[BlackElo "1959"]

1. d4 Nf6 2. c4 e6 3. Nc3 Bb4 4. e3 O-O 5. Bd3 d5 6. Ne2 c5 7. O-O Nc6 8. cxd5
exd5 9. a3 Bxc3 10. bxc3 c4 11. Bc2 Ne7 12. Ng3 Ne8 13. e4 dxe4 14. Bxe4 Nf6
15. Bf3 h6 16. Bd2 Nf5 17. Qc2 Nh4 18. Be2 Qd5 19. f3 Re8 20. Rf2 Bf5 21. Nxf5
Nxf5 22. Qa2 Rac8 23. a4 Qc6 24. Rb1 Nd5 25. Rc1 Nfe3 26. g3 h5 27. f4 h4 28.
Bxe3 hxg3 29. hxg3 Rxe3 30. Rf3 Qg6 31. Kf2 Rce8 32. Rxe3 Rxe3 33. Bf3 Nxc3 34.
Qxc4 Qd3 35. Qc8+ Kh7 36. Rh1+ Kg6 37. f5+ $2 (37. Qg4+ Kf6 38. Qg5+ Ke6 39.
f5+ {is a free rook} ) 37... Kf6 38. Qd8+ Re7 39. Qd6+ Re6 40. fxe6 Qd2+ 41.
Kf1 Qc1+ 42. Kg2 Qd2+ 43. Kg1 Qc1+ 44. Kh2 Qh6+ 45. Kg2 Qd2+ {lucky escape!}
1/2-1/2

[Event "Julian Mazur Memorial"]
[Site "Wellington Chess Club"]
[Date "2012.11.29"]
[Round "5"]
[White "List, Robert"]
[Black "Stoeveken, Peter"]
[Result "1/2-1/2"]
[WhiteElo "1539"]
[BlackElo "1917"]

1. e4 e6 2. d4 d5 3. e5 c5 4. c3 Nc6 5. Nf3 Qb6 6. Bd3 cxd4 7. cxd4 Bb4+ 8. Nc3
Bd7 9. a3 Be7 10. Na4 Qc7 11. O-O f6 12. Nc5 Bxc5 13. dxc5 Nxe5 14. Nxe5 Qxe5
15. Qb3 Qc7 16. Re1 Ne7 17. Qc2 O-O-O 18. b4 e5 19. b5 Kb8 20. Rb1 Ka8 21. Be3
d4 22. Bxd4 Qc8 23. Be3 Bf5 24. Be4 Bxe4 25. Qxe4 Nd5 26. Rec1 Nxe3 27. fxe3 f5
28. Qxe5 Rhe8 29. Qc3 Qe6 30. Rb3 Rc8 1/2-1/2

[Event "Julian Mazur Memorial"]
[Site "Wellington Chess Club"]
[Date "2012.11.29"]
[Round "5"]
[White "Sellen, Ian"]
[Black "Wilkins, Mark"]
[Result "1/2-1/2"]
[WhiteElo "2039"]
[BlackElo "1917"]

1. c4 Nf6 2. g3 e5 3. Nc3 Nc6 4. Nf3 Be7 5. Bg2 O-O 6. O-O d6 7. d4 exd4 8.
Nxd4 Ne5 9. b3 c6 10. f4 Ng6 11. h3 d5 12. cxd5 Nxd5 13. Nxd5 cxd5 14. Bb2 Bc5
15. Qc2 Qb6 16. Rad1 Re8 17. Kh2 Ne7 18. Qc3 Bb4 19. Qd3 Bd7 20. a3 Bc5 21. b4
Bxd4 22. Bxd4 Qb5 23. Be5 Qxd3 24. exd3 Ba4 25. Rc1 Rac8 26. Bd4 Nc6 27. Bg1
Rcd8 28. Rfe1 Re6 29. Rxe6 fxe6 30. Re1 Kf7 31. Bf3 Bb5 32. d4 a5 33. Rc1 axb4
34. axb4 Ra8 35. Rc5 Bc4 36. b5 Ne7 37. Rc7 Bxb5 38. Rxb7 Ra2+ 39. Kh1 Bd3 40.
Rb3 Bf1 41. h4 1/2-1/2